01676nam a2200421 i 4500001000700000003000800007005001700015006001900032007001500051008004100066020002900107020002800136035002200164040003100186050002100217080000800238082001200246245019600258264004100454300004100495336003100536337003300567338004300600500002200643500002400665588008300689590016200772600004700934650001800981655002700999700003101026700003101057700003001088700003601118797001801154856006301172999001901235142643FINmELB20241217181705.0m o d | cr cnu||||||||230430s1999 gw o 011 0 ger d a9783893541140q(impreso) a9783964567260q(e-book) a(OCoLC)1379806106 aFINmELBbspaerdacFINmELB 4aHM590bL351 1999 a31604a30122300aLateinamerika :bGesellschaft - Raum - Kooperation; Festschrift für Achim Schräder zum 65. Geburtstag /cRolf Eschenburg, Heinz Heineberg, Ulrich Pfister, Christoph Strosetzki (editores). 1aFrankfurt :bVervuert Verlag,c1999. a1 recurso en línea (391 páginas) atextobtxt2rdacontent/spa acomputadorabc2rdamedia/spa arecurso en líneabcr2rdacarrier/spa aIncluye índice. aISBN 3-89354-114-4. aDescripción basada en metadatos suministrados por el editor y otras fuentes. aRecurso electrónico. Santa Fe, Arg.: elibro, 2023. Disponible vía World Wide Web. El acceso puede estar limitado para las bibliotecas afiliadas a elibro.14aSchrader, Achim,d1934-2004,xFestschrift. 4aSociología. 4aLibros electrónicos.1 aEschenburg, Rolf,eeditor.1 aHeineberg, Heinz,eeditor.1 aPfister, Ulrich,eeditor.1 aStrosetzki, Christoph,eeditor.2 aelibro, Corp.40uhttps://elibro.net/ereader/politecnicointernacional/209639 c142643d142643